Sociologie du travail (notice n° 1558909)

détails MARC
000 -LEADER
fixed length control field 01619cam a2200277zu 4500
003 - CONTROL NUMBER IDENTIFIER
control field FRCYB88973283
005 - DATE AND TIME OF LATEST TRANSACTION
control field 20251020125717.0
008 - FIXED-LENGTH DATA ELEMENTS--GENERAL INFORMATION
fixed length control field 251020s2025 fr | o|||||0|0|||fre d
020 ## - INTERNATIONAL STANDARD BOOK NUMBER
International Standard Book Number 9782200642099
035 ## - SYSTEM CONTROL NUMBER
System control number FRCYB88973283
040 ## - CATALOGING SOURCE
Original cataloging agency FR-PaCSA
Language of cataloging fr
Transcribing agency
Description conventions rda
100 1# - MAIN ENTRY--PERSONAL NAME
Personal name Stroobants, Marcelle
245 01 - TITLE STATEMENT
Title Sociologie du travail
Statement of responsibility, etc. ['Stroobants, Marcelle']
264 #1 - PRODUCTION, PUBLICATION, DISTRIBUTION, MANUFACTURE, AND COPYRIGHT NOTICE
Name of producer, publisher, distributor, manufacturer Armand Colin
Date of production, publication, distribution, manufacture, or copyright notice 2025
300 ## - PHYSICAL DESCRIPTION
Extent p.
336 ## - CONTENT TYPE
Content type code txt
Source rdacontent
337 ## - MEDIA TYPE
Media type code c
Source rdamdedia
338 ## - CARRIER TYPE
Carrier type code c
Source rdacarrier
520 ## - SUMMARY, ETC.
Summary, etc. Cet ouvrage met en perspective les épisodes caractéristiques de la mise au travail depuis la révolution industrielle jusqu’aux formes contemporaines de flexibilité. Par la voie des techniques et des organisations, les objectifs de fluidité d’abord associés à l’automatisation industrielle ont pu se généraliser tandis que la logique marchande s’est étendue en même temps.Cette quatrième édition prend acte de la multiplicité et de l’hybridation des formes de production, de la diversification de genre et de la singularité des relations qui se nouent autour du travail. Elle remet l’accent sur la pertinence du salariat pour éprouver les ressorts de l’activité et les métamorphoses des temporalités. La nouvelle conclusion révèle des prolongements inattendus des débats classiques entre sociologues du travail.
650 #0 - SUBJECT ADDED ENTRY--TOPICAL TERM
Topical term or geographic name entry element
700 0# - ADDED ENTRY--PERSONAL NAME
Personal name Stroobants, Marcelle
856 40 - ELECTRONIC LOCATION AND ACCESS
Access method Cyberlibris
Uniform Resource Identifier <a href="https://international.scholarvox.com/netsen/book/88973283">https://international.scholarvox.com/netsen/book/88973283</a>
Electronic format type text/html
Host name

Pas d'exemplaire disponible.

PLUDOC

PLUDOC est la plateforme unique et centralisée de gestion des bibliothèques physiques et numériques de Guinée administré par le CEDUST. Elle est la plus grande base de données de ressources documentaires pour les Étudiants, Enseignants chercheurs et Chercheurs de Guinée.

Adresse

627 919 101/664 919 101

25 boulevard du commerce
Kaloum, Conakry, Guinée

Réseaux sociaux

Powered by Netsen Group @ 2025